000 01322cam a22001814a 4500
005 20250605163958.0
008 250528s ||||||||||||||||||||||||d
035 _a15532
040 _aGR-AtMCL
_bgre
_dGR-AtMCL
_eAACR2
245 1 _aΜάνατζμεντ Ολικής Ποιότητας / Από τον DEMING στον TAGUCHI και το Στατιστικό Έλεγχο των Διεργασιών (SPC)
260 _bInterbooks,
_c1992
300 _a568
520 _aΤο βιβλίο αυτό παρέχει μια πλήρη κάλυψη των πιο σημαντικών μεθόδων για το μάνατζμεντ και τον έλεγχο της Ολικής Ποιότητας. Πρόλογος, Εργαλεία του Μάνατζμεντ για την Ποιότητα, Τεχνικά Εργαλεία για την Ποιότητα: Τεχνικές για Γενική Χρήση, Τεχνικά Εργαλεία για την Ποιότητα: Τεχνικές για Εν-Σειρά Ποιοτικό Έλεγχο, Τεχνικά Εργαλεία για την Ποιότητα: Τεχνικές για Εκτός-Σειράς Ποιοτικό Έλεγχο, Περιεχόμενα.
700 1 _aΛογοθέτης Νικόλαος
_91484
942 _cBK
999 _c1108
_d1108